[Event "DEN-chT 2223 60th"]
[Site "Denmark"]
[Date "2023.03.05"]
[Round "7.2"]
[White "Veng, Johny"]
[Black "Olsen, Filip Boe"]
[Result "0-1"]
[WhiteElo "2214"]
[BlackElo "2433"]
[PlyCount "50"]
[EventDate "2022.10.29"]
[EventType "team-tourn"]
[EventRounds "9"]
[EventCountry "DEN"]
[SourceTitle "CBM 213 Extra"]
[Source "ChessBase"]
[SourceDate "2023.05.31"]
[SourceVersion "1"]
[SourceVersionDate "2023.05.31"]
[SourceQuality "1"]
[WhiteTeam "Nordre"]
[BlackTeam "Skanderborg Nordea"]
[WhiteTeamCountry "DEN"]
[BlackTeamCountry "DEN"]

1. Nf3 Nf6 2. c4 e6 3. g3 d5 4. Bg2 d4 5. 0-0 c5 6. e3 Nc6 7. exd4 cxd4 8. Re1 Bd6 9. d3 h6 10. Nbd2 0-0 11. a3 a5 12. Qc2 Re8 13. Rb1 a4 14. b4 axb3 15. Nxb3 e5 16. Nfd2 Bf5 17. h3 Bxa3 18. Bxa3 Rxa3 19. Qb2 Qe7 20. c5 Ra4 21. Nc1 Qxc5 22. Qxb7 Nb4 23. Qf3 Bg6 24. Nc4 Nxd3 25. Nxd3 Bxd3 0-1

[Event "DEN-chT 2223 60th"]
[Site "Denmark"]
[Date "2022.12.04"]
[Round "4.3"]
[White "Veng, Johny"]
[Black "Matthiesen, Martin"]
[Result "1/2-1/2"]
[WhiteElo "2214"]
[BlackElo "2328"]
[PlyCount "84"]
[EventDate "2022.10.29"]
[EventType "team-tourn"]
[EventRounds "9"]
[EventCountry "DEN"]
[SourceTitle "CBM 213 Extra"]
[Source "ChessBase"]
[SourceDate "2023.05.31"]
[SourceVersion "1"]
[SourceVersionDate "2023.05.31"]
[SourceQuality "1"]
[WhiteTeam "Nordre"]
[BlackTeam "Copenhagen 68"]
[WhiteTeamCountry "DEN"]
[BlackTeamCountry "DEN"]

1. Nf3 d5 2. c4 c6 3. d4 Nf6 4. Nc3 e6 5. Bg5 Nbd7 6. e3 Qa5 7. cxd5 Nxd5 8. Qd2 Bb4 9. Rc1 Nxc3 10. bxc3 Ba3 11. Rb1 b6 12. Bd3 Ba6 13. 0-0 Bxd3 14. Qxd3 0-0 15. e4 Rfe8 16. Bd2 Bf8 17. a4 Rad8 18. Ra1 e5 19. Qc4 Rc8 20. Rfe1 Rc7 21. h3 h6 22. g4 g6 23. Kg2 Bg7 24. Red1 Re7 25. d5 Re8 26. Be3 Rec8 27. d6 Rb7 28. Qb4 Qa6 29. a5 c5 30. Qa3 b5 31. Rd5 b4 32. Qc1 b3 33. Qd2 Qc4 34. Bxh6 Bxh6 35. Qxh6 Qxe4 36. Rdd1 b2 37. Rab1 Rc6 38. Re1 Qf4 39. Qxf4 exf4 40. Re2 Rxd6 41. Rexb2 Rxb2 42. Rxb2 Ra6 1/2-1/2

[Event "DEN-chT 2223 60th"]
[Site "Denmark"]
[Date "2022.10.29"]
[Round "1.2"]
[White "Veng, Johny"]
[Black "Castellanos Rodriguez, Renier"]
[Result "1/2-1/2"]
[WhiteElo "2214"]
[BlackElo "2474"]
[PlyCount "98"]
[EventDate "2022.10.29"]
[EventType "team-tourn"]
[EventRounds "9"]
[EventCountry "DEN"]
[SourceTitle "EXT 2024"]
[Source "ChessBase"]
[SourceDate "2023.10.10"]
[SourceVersion "1"]
[SourceVersionDate "2023.10.10"]
[SourceQuality "1"]
[WhiteTeam "Nordre"]
[BlackTeam "Bronshoj"]
[WhiteTeamCountry "DEN"]
[BlackTeamCountry "DEN"]

1. Nf3 Nf6 2. c4 g6 3. g3 Bg7 4. Bg2 0-0 5. 0-0 d6 6. d4 Nbd7 7. Qc2 e5 8. Rd1 exd4 9. Nxd4 Re8 10. Nc3 a6 11. h3 Rb8 12. b3 h6 13. Bb2 c6 14. e4 Qe7 15. Re1 a5 16. Rad1 Nc5 17. a3 Qf8 18. b4 axb4 19. axb4 Ne6 20. Nf3 Ng5 21. Nxg5 hxg5 22. Qd2 g4 23. h4 Nd7 24. Ne2 Ne5 25. Bxe5 dxe5 26. Qc3 Be6 27. Nc1 Red8 28. Nb3 b6 29. Bf1 Qe7 30. Be2 Bf8 31. Rxd8 Rxd8 32. c5 Bxb3 33. Qxb3 bxc5 34. bxc5 Qxc5 35. Bxg4 Rd2 36. Qf3 Qd4 37. h5 Bc5 38. Rf1 Rd3 39. Qg2 Kg7 40. hxg6 fxg6 41. Be2 Ra3 42. Rd1 Ra1 43. Qf3 Bb6 44. Rxa1 Qxa1+ 45. Kg2 Qd4 46. Ba6 Qd6 47. Bc4 Qf6 48. Qxf6+ Kxf6 49. f4 Bc7 1/2-1/2

[Event "DEN-chT 1920 58th"]
[Site "Denmark"]
[Date "2020.01.26"]
[Round "6.4"]
[White "Veng, Johny"]
[Black "Vinter Schou, Uffe"]
[Result "0-1"]
[WhiteElo "2253"]
[BlackElo "2361"]
[PlyCount "84"]
[EventDate "2019.11.23"]
[EventType "team-tourn"]
[EventRounds "9"]
[EventCountry "DEN"]
[SourceTitle "CBM 195 Extra"]
[Source "ChessBase"]
[SourceDate "2020.05.31"]
[SourceVersion "1"]
[SourceVersionDate "2020.05.31"]
[SourceQuality "1"]
[WhiteTeam "Nordre"]
[BlackTeam "Aarhus/Skolerne"]
[WhiteTeamCountry "DEN"]
[BlackTeamCountry "DEN"]

1. Nf3 c5 2. c4 Nc6 3. g3 e5 4. Nc3 g6 5. Bg2 Bg7 6. d3 Nge7 7. 0-0 0-0 8. a3 d6 9. Rb1 a5 10. Ne1 Be6 11. Nc2 d5 12. cxd5 Nxd5 13. Ne3 Nde7 14. Bd2 h6 15. Na4 b6 16. b4 cxb4 17. axb4 Ra7 18. bxa5 bxa5 19. Nc5 Bc8 20. Nc4 Nd5 21. Re1 Nd4 22. Qc1 Kh7 23. e3 Ne6 24. Qa3 a4 25. Rec1 Ng5 26. e4 Ne7 27. Bxg5 hxg5 28. Nb6 Qd6 29. Nc4 Qd4 30. Ne3 Nc6 31. Ne6 Bxe6 32. Rxc6 Rd8 33. Nd5 Bf8 34. Qc3 a3 35. Ra1 Rb8 36. Qxd4 exd4 37. Rb6 Rxb6 38. Nxb6 Bb4 39. Nd5 Bxd5 40. exd5 a2 41. d6 Bc3 42. d7 Bxa1 0-1

[Event "DEN-chT 1920 58th"]
[Site "Denmark"]
[Date "2019.11.24"]
[Round "2.3"]
[White "Veng, Johny"]
[Black "Borge, Nikolaj"]
[Result "0-1"]
[WhiteElo "2253"]
[BlackElo "2372"]
[PlyCount "80"]
[EventDate "2019.11.23"]
[EventType "team-tourn"]
[EventRounds "9"]
[EventCountry "DEN"]
[SourceTitle "CBM 193 Extra"]
[Source "ChessBase"]
[SourceDate "2020.01.31"]
[SourceVersion "1"]
[SourceVersionDate "2020.01.31"]
[SourceQuality "1"]
[WhiteTeam "Nordre"]
[BlackTeam "Hillerod"]
[WhiteTeamCountry "DEN"]
[BlackTeamCountry "DEN"]

1. e4 c5 2. Nf3 e6 3. d3 d6 4. g3 Nd7 5. Bg2 b5 6. 0-0 Bb7 7. Re1 Ngf6 8. Nbd2 Be7 9. c3 0-0 10. d4 e5 11. d5 c4 12. b3 cxb3 13. axb3 a5 14. Bf1 b4 15. cxb4 axb4 16. Rxa8 Qxa8 17. Nc4 Nc5 18. Bg5 Rd8 19. Bxf6 Bxf6 20. h4 Be7 21. Nfd2 Qa2 22. Qb1 Ra8 23. Qxa2 Rxa2 24. Rb1 f5 25. exf5 Bxd5 26. Ne3 Bf7 27. Ndc4 Ne4 28. Bg2 Nc3 29. Rb2 Rxb2 30. Nxb2 Bxb3 31. Nd3 d5 32. Nxe5 d4 33. Nf1 Bd6 34. Nc6 Bc5 35. Nd2 Bc2 36. Na5 Bxf5 37. Ndb3 Bb6 38. Nc6 Be6 39. Ncxd4 Bxd4 40. Nxd4 b3 0-1

[Event "DEN-chT 1718 56th"]
[Site "Denmark"]
[Date "2018.02.11"]
[Round "7.5"]
[White "Veng, Johny"]
[Black "Reinecker, Kai"]
[Result "0-1"]
[WhiteElo "2255"]
[BlackElo "2254"]
[PlyCount "98"]
[EventDate "2017.11.18"]
[EventType "team-tourn"]
[EventRounds "9"]
[EventCountry "DEN"]
[SourceTitle "EXT 2019"]
[Source "ChessBase"]
[SourceDate "2018.10.10"]
[SourceVersion "1"]
[SourceVersionDate "2018.10.10"]
[SourceQuality "1"]
[WhiteTeam "Nordre"]
[BlackTeam "BOV"]
[WhiteTeamCountry "DEN"]
[BlackTeamCountry "DEN"]

1. d4 Nf6 2. Nf3 e6 3. Bf4 b6 4. e3 Bb7 5. Bd3 Be7 6. Nbd2 Nh5 7. Bg3 d6 8. e4 c5 9. c3 Nd7 10. Qe2 Qc7 11. a4 a6 12. Nc4 cxd4 13. cxd4 0-0 14. Ne3 b5 15. Nd2 g6 16. a5 Rac8 17. 0-0 Nxg3 18. hxg3 Qb8 19. Nb3 Qa7 20. Ng4 h5 21. Nh2 Bf6 22. Nf3 Bg7 23. Rac1 Nf6 24. Rxc8 Rxc8 25. e5 Bxf3 26. gxf3 dxe5 27. dxe5 Nd7 28. f4 Bf8 29. Rd1 Nc5 30. Nxc5 Bxc5 31. Qf3 Qc7 32. Be4 Qxa5 33. Bb7 Rc7 34. f5 exf5 35. Bd5 Qb6 36. Kg2 Re7 37. Qe2 Bd4 38. f4 Qc5 39. Ba2 Kg7 40. Rd2 Qc6+ 41. Kh2 Ba7 42. Qd1 h4 43. Bd5 Qc5 44. Bf3 Qe3 45. Kg2 hxg3 46. Kxg3 g5 47. fxg5 Qxe5+ 48. Kh3 Qf4 49. Qf1 Qxd2 0-1

[Event "DEN-chT 1718 56th"]
[Site "Denmark"]
[Date "2018.01.13"]
[Round "5.3"]
[White "Veng, Johny"]
[Black "Sahl, Bjarke"]
[Result "1/2-1/2"]
[WhiteElo "2255"]
[BlackElo "2333"]
[PlyCount "70"]
[EventDate "2017.11.18"]
[EventType "team-tourn"]
[EventRounds "9"]
[EventCountry "DEN"]
[SourceTitle "EXT 2019"]
[Source "ChessBase"]
[SourceDate "2018.10.10"]
[SourceVersion "1"]
[SourceVersionDate "2018.10.10"]
[SourceQuality "1"]
[WhiteTeam "Nordre"]
[BlackTeam "BMS"]
[WhiteTeamCountry "DEN"]
[BlackTeamCountry "DEN"]

1. d4 Nf6 2. Nf3 g6 3. g3 Bg7 4. Bg2 0-0 5. 0-0 d6 6. c4 Nbd7 7. Qc2 e5 8. Rd1 Re8 9. Nc3 c6 10. b3 Qc7 11. e3 Nf8 12. e4 Bg4 13. d5 cxd5 14. Nxd5 Nxd5 15. Rxd5 Ne6 16. Be3 a6 17. h3 Bxf3 18. Bxf3 h5 19. Qd2 Nd4 20. Bg2 Rac8 21. h4 Qe7 22. Qd3 Rc5 23. Bh3 Qc7 24. Rb1 a5 25. Kh1 Ra8 26. Bf1 Qd7 27. Qd1 Rac8 28. Rc1 R8c7 29. Qd2 b6 30. Bg2 Kh7 31. Qd1 Rxd5 32. cxd5 Qc8 33. Bf1 Rc5 34. Kg2 Bh6 35. Rc4 Bg7 1/2-1/2

[Event "Helsingor Xtracon op"]
[Site "Helsingor"]
[Date "2017.07.24"]
[Round "4"]
[White "Schack, Asbjorn Hovgaard"]
[Black "Veng, Johny"]
[Result "1/2-1/2"]
[WhiteElo "2053"]
[BlackElo "2279"]
[PlyCount "30"]
[EventDate "2017.07.22"]
[EventType "swiss"]
[EventRounds "10"]
[EventCountry "DEN"]
[SourceTitle "CBM 179 Extra"]
[Source "ChessBase"]
[SourceDate "2017.08.23"]
[SourceVersion "1"]
[SourceVersionDate "2017.08.23"]
[SourceQuality "1"]

1. d4 Nf6 2. c4 e6 3. Nc3 Bb4 4. e3 b6 5. Nge2 c5 6. a3 Ba5 7. Qc2 0-0 8. Nf4 Qe7 9. Bd3 Nc6 10. 0-0 Bxc3 11. Qxc3 e5 12. dxe5 Nxe5 13. Bf5 Bb7 14. b3 Ng6 15. Bb2 Rad8 1/2-1/2

[Event "Copenhagen Challenge"]
[Site "Ballerup"]
[Date "2017.05.14"]
[Round "8"]
[White "Veng, Johny"]
[Black "Moe, Mogens"]
[Result "1/2-1/2"]
[WhiteElo "2277"]
[BlackElo "2185"]
[PlyCount "81"]
[EventDate "2017.05.10"]
[EventType "swiss"]
[EventRounds "9"]
[EventCountry "DEN"]
[SourceTitle "CBM 178 Extra"]
[Source "ChessBase"]
[SourceDate "2017.06.22"]
[SourceVersion "1"]
[SourceVersionDate "2017.06.22"]
[SourceQuality "1"]

1. d4 Nf6 2. Bf4 g6 3. Nc3 c5 4. d5 d6 5. e4 Bg7 6. Nf3 0-0 7. Be2 Qa5 8. Nd2 b5 9. Nxb5 Nxe4 10. 0-0 Nxd2 11. Bxd2 Qb6 12. Rb1 Nd7 13. Bc3 Nf6 14. a4 Bb7 15. Bf3 Ba6 16. Be2 Bb7 17. Bc4 a6 18. Na3 Qc7 19. Re1 Rfe8 20. Qd2 Qd7 21. Bb3 Qf5 22. Bxf6 Bxf6 23. Nc4 Qxd5 24. Qxd5 Bxd5 25. Nxd6 exd6 26. Bxd5 Rxe1+ 27. Rxe1 Rb8 28. b3 Rb4 29. Re8+ Kg7 30. Bc4 d5 31. Bxd5 Rd4 32. Bc4 Rd1+ 33. Bf1 a5 34. g3 Bd4 35. Re2 g5 36. g4 h6 37. Kg2 Kf6 38. h3 Kg7 39. c3 Bxc3 40. Re7 Rd6 41. Bc4 1/2-1/2

[Event "Copenhagen Challenge"]
[Site "Ballerup"]
[Date "2017.05.11"]
[Round "3"]
[White "Urkedal, Frode Olav Olsen"]
[Black "Veng, Johny"]
[Result "1/2-1/2"]
[WhiteElo "2540"]
[BlackElo "2277"]
[PlyCount "118"]
[EventDate "2017.05.10"]
[EventType "swiss"]
[EventRounds "9"]
[EventCountry "DEN"]
[SourceTitle "CBM 178 Extra"]
[Source "ChessBase"]
[SourceDate "2017.06.22"]
[SourceVersion "1"]
[SourceVersionDate "2017.06.22"]
[SourceQuality "1"]

1. d4 Nf6 2. c4 Nc6 3. Nf3 e6 4. Nc3 Bb4 5. Qc2 0-0 6. Bd2 d5 7. e3 a6 8. Be2 dxc4 9. Bxc4 Bd6 10. Ne4 Nb4 11. Nxf6+ Qxf6 12. Qe4 Qf5 13. Qxf5 exf5 14. 0-0 b5 15. Bxb4 bxc4 16. Bxd6 cxd6 17. Rfc1 Be6 18. Nd2 Rfc8 19. Rc2 Rab8 20. Rac1 Kf8 21. g3 a5 22. Kf1 Ke7 23. Ke1 Kd8 24. h4 g6 25. Nb1 f4 26. gxf4 Bf5 27. Rd2 Rb4 28. Nc3 Rcb8 29. Nd1 d5 30. f3 Kd7 31. Rh2 h5 32. Re2 Bd3 33. Rg2 a4 34. Rc3 Bb1 35. Ra3 Bf5 36. Nc3 Rxb2 37. Rxb2 Rxb2 38. Rxa4 Bd3 39. Ra5 Rc2 40. Rxd5+ Ke6 41. Re5+ Kd7 42. Ne4 Rxa2 43. Nc5+ Kd6 44. Nxd3 cxd3 45. f5 Rh2 46. fxg6 fxg6 47. Rg5 Re2+ 48. Kd1 Rxe3 49. Rxg6+ Kd5 50. Kd2 Rxf3 51. Kc3 d2+ 52. Kxd2 Rh3 53. Rg5+ Kxd4 54. Rxh5 Rh2+ 55. Ke1 Ke3 56. Kf1 Kf3 57. Kg1 Kg4 58. Rg5+ Kxh4 59. Kxh2 Kxg5 1/2-1/2

[Event "Helsingor Xtracon op"]
[Site "Helsingor"]
[Date "2016.07.31"]
[Round "10"]
[White "Veng, Johny"]
[Black "Gretarsson, Hjorvar Steinn"]
[Result "0-1"]
[WhiteElo "2280"]
[BlackElo "2550"]
[PlyCount "100"]
[EventDate "2016.07.23"]
[EventType "swiss"]
[EventRounds "10"]
[EventCountry "DEN"]
[SourceTitle "CBM 173 Extra"]
[Source "ChessBase"]
[SourceDate "2016.08.29"]
[SourceVersion "1"]
[SourceVersionDate "2016.08.29"]
[SourceQuality "1"]

1. Nf3 Nf6 2. g3 d5 3. Bg2 c6 4. 0-0 Bg4 5. d3 Nbd7 6. Qe1 e5 7. e4 dxe4 8. dxe4 Bc5 9. h3 Be6 10. Qe2 h6 11. a4 a5 12. Nbd2 Qc7 13. Nh4 g6 14. Nc4 Nh5 15. Ne3 Ng7 16. b3 Be7 17. Nf3 h5 18. h4 f6 19. Bd2 Nc5 20. Nc4 b6 21. Rfd1 0-0 22. Bc3 Kh7 23. Kh2 b5 24. axb5 cxb5 25. Nxa5 Nxe4 26. Be1 Nc3 27. Bxc3 Qxc3 28. Qe1 Rac8 29. Qxc3 Rxc3 30. Ne1 Rfc8 31. Nb7 Nf5 32. Ra6 Bf7 33. Bh3 R8c7 34. Bxf5 Rxb7 35. Be6 Kg7 36. Bxf7 Kxf7 37. Kg2 Rcc7 38. Kf1 Bb4 39. Rd5 Bc3 40. Nd3 b4 41. Nc5 Ra7 42. Rxa7 Rxa7 43. Na4 Bd4 44. Ke2 Rc7 45. Rxd4 exd4 46. Kd2 Ke6 47. Nb2 Kf5 48. f3 g5 49. Nd3 gxh4 50. gxh4 Rc3 0-1

[Event "Helsingor Xtracon op"]
[Site "Helsingor"]
[Date "2016.07.29"]
[Round "8"]
[White "Veng, Johny"]
[Black "Tarjan, James Edward"]
[Result "0-1"]
[WhiteElo "2280"]
[BlackElo "2447"]
[PlyCount "66"]
[EventDate "2016.07.23"]
[EventType "swiss"]
[EventRounds "10"]
[EventCountry "DEN"]
[SourceTitle "CBM 173 Extra"]
[Source "ChessBase"]
[SourceDate "2016.08.29"]
[SourceVersion "1"]
[SourceVersionDate "2016.08.29"]
[SourceQuality "1"]

1. c4 e5 2. g3 Nf6 3. Bg2 d5 4. cxd5 Nxd5 5. Nf3 Nc6 6. d3 Be7 7. 0-0 0-0 8. a3 a5 9. b3 Bf6 10. e4 Nb6 11. Qc2 Bg4 12. Be3 Bxf3 13. Bxf3 Nd4 14. Bxd4 Qxd4 15. Nc3 c6 16. Na4 Be7 17. Nxb6 Qxb6 18. d4 Qxd4 19. Rfd1 Qb6 20. Be2 Bc5 21. Bc4 Bd4 22. Rab1 g6 23. b4 axb4 24. Rxb4 Qc7 25. Rdb1 b6 26. a4 Kg7 27. Bd3 Rfd8 28. R1b3 Rd6 29. Kg2 Qd7 30. f3 Bc5 31. Rc4 Rd8 32. Rcc3 Bd4 33. Rc4 Ba1 0-1

[Event "Helsingor Xtracon op"]
[Site "Helsingor"]
[Date "2016.07.25"]
[Round "4"]
[White "Veng, Johny"]
[Black "Pallesen, Jacob"]
[Result "1/2-1/2"]
[WhiteElo "2280"]
[BlackElo "2026"]
[PlyCount "99"]
[EventDate "2016.07.23"]
[EventType "swiss"]
[EventRounds "10"]
[EventCountry "DEN"]
[SourceTitle "CBM 173 Extra"]
[Source "ChessBase"]
[SourceDate "2016.08.29"]
[SourceVersion "1"]
[SourceVersionDate "2016.08.29"]
[SourceQuality "1"]

1. Nf3 c5 2. g3 Nf6 3. Bg2 g6 4. 0-0 Bg7 5. c4 Nc6 6. Nc3 0-0 7. d4 cxd4 8. Nxd4 Nxd4 9. Qxd4 d6 10. Qd3 Rb8 11. Rd1 Bd7 12. e4 Bc6 13. Qe2 Nd7 14. Be3 Qa5 15. Rac1 Nc5 16. Bd2 Qb6 17. Rb1 Na4 18. Nxa4 Bxa4 19. b3 Bc6 20. Be3 Qa6 21. a4 b6 22. Rd3 Qb7 23. Bd2 f5 24. Re1 a6 25. Bf3 fxe4 26. Bxe4 Bxe4 27. Qxe4 Qxe4 28. Rxe4 Bf6 29. g4 Rf7 30. Be3 Bb2 31. Bd2 a5 32. Rd5 Ba3 33. Rb5 Bc5 34. Be3 Bxe3 35. Rxe3 Kf8 36. Kg2 Rf4 37. Rf3 Rxf3 38. Kxf3 Ke8 39. h4 Kd7 40. Ke4 Kc6 41. Rg5 e5 42. f4 exf4 43. Kxf4 Rf8+ 44. Ke4 Re8+ 45. Kd4 Re1 46. h5 Re6 47. Rb5 Re1 48. Rg5 Re6 49. Rb5 Re1 50. Rg5 1/2-1/2

[Event "Helsingor Xtracon op"]
[Site "Helsingor"]
[Date "2016.07.24"]
[Round "3"]
[White "Schmitt, Carsten1111"]
[Black "Veng, Johny"]
[Result "1/2-1/2"]
[WhiteElo "2008"]
[BlackElo "2280"]
[PlyCount "25"]
[EventDate "2016.07.23"]
[EventType "swiss"]
[EventRounds "10"]
[EventCountry "DEN"]
[SourceTitle "CBM 173 Extra"]
[Source "ChessBase"]
[SourceDate "2016.08.29"]
[SourceVersion "1"]
[SourceVersionDate "2016.08.29"]
[SourceQuality "1"]

1. c4 e5 2. g3 Nf6 3. Bg2 c6 4. d4 Bb4+ 5. Bd2 Bxd2+ 6. Qxd2 e4 7. d5 0-0 8. Nc3 Re8 9. Nh3 d6 10. Ng5 e3 11. fxe3 Ng4 12. dxc6 Nxc6 13. Nge4 1/2-1/2

[Event "Politiken Cup 37th"]
[Site "Helsingor"]
[Date "2015.07.26"]
[Round "3"]
[White "Veng, Johny"]
[Black "Smirin, Ilia"]
[Result "0-1"]
[WhiteElo "2294"]
[BlackElo "2663"]
[PlyCount "100"]
[EventDate "2015.07.25"]
[EventType "swiss"]
[EventRounds "10"]
[EventCountry "DEN"]
[SourceTitle "CBM 167 Extra"]
[Source "ChessBase"]
[SourceDate "2015.09.14"]
[SourceVersion "1"]
[SourceVersionDate "2015.09.14"]
[SourceQuality "1"]

1. d4 Nf6 2. Nf3 g6 3. c4 Bg7 4. g3 0-0 5. Bg2 d6 6. 0-0 Nc6 7. d5 Na5 8. Qa4 c5 9. Bd2 b6 10. Bc3 e6 11. dxe6 fxe6 12. Nbd2 Rb8 13. Rad1 Qc7 14. Ng5 e5 15. Nde4 Ne8 16. Bxa5 bxa5 17. Qc2 Bf5 18. h3 Qe7 19. g4 Qxg5 20. gxf5 Qxf5 21. Rd3 Kh8 22. b3 Rb6 23. Qd2 a4 24. Qa5 Qf7 25. Qxa4 Qe7 26. Rfd1 Nf6 27. Rf3 Rfb8 28. Nxf6 Bxf6 29. Qa5 Rf8 30. Qd2 Rbb8 31. Qd5 Rbd8 32. Qe4 Bh4 33. Rdd3 Bf6 34. Rd1 Kg7 35. Rdd3 Qc7 36. Rd2 Bg5 37. Rxf8 Rxf8 38. e3 Qa5 39. Qb7+ Kh6 40. Qd5 Bh4 41. Re2 Qd8 42. Qe4 Qf6 43. Qc2 Kg7 44. Qb2 h5 45. Qd2 g5 46. Be4 Qe6 47. Qd5 Qxh3 48. f3 g4 49. Qe6 Qg3+ 50. Kh1 gxf3 0-1

[Event "Copenhagen Challenge"]
[Site "Ballerup"]
[Date "2015.05.02"]
[Round "6"]
[White "Skovgaard, Ib"]
[Black "Veng, Johny"]
[Result "0-1"]
[WhiteElo "1999"]
[BlackElo "2291"]
[PlyCount "40"]
[EventDate "2015.04.29"]
[EventType "swiss"]
[EventRounds "9"]
[EventCountry "DEN"]
[SourceTitle "CBM 166 Extra"]
[Source "ChessBase"]
[SourceDate "2015.06.18"]
[SourceVersion "1"]
[SourceVersionDate "2015.06.18"]
[SourceQuality "1"]

1. e4 d6 2. Nf3 Nf6 3. Nc3 e5 4. d4 Nbd7 5. dxe5 dxe5 6. Bc4 Bb4 7. Bg5 h6 8. Bh4 Qe7 9. Qe2 c6 10. 0-0 Nf8 11. Rad1 Ng6 12. Bxf6 Qxf6 13. Nd5 cxd5 14. Bb5+ Kf8 15. exd5 a6 16. d6 Bg4 17. Qe4 Bxf3 18. Qxb4 Bxd1 19. d7+ Qe7 20. Rxd1 Qxb4 0-1

[Event "DEN-chT 1415 53rd"]
[Site "Denmark"]
[Date "2015.03.08"]
[Round "9.5"]
[White "Veng, Johny"]
[Black "Nordenbaek, Jan"]
[Result "1-0"]
[WhiteElo "2281"]
[BlackElo "2209"]
[PlyCount "67"]
[EventDate "2014.10.25"]
[EventType "team-tourn"]
[EventRounds "9"]
[EventCountry "DEN"]
[SourceTitle "EXT 2016"]
[Source "ChessBase"]
[SourceDate "2015.10.08"]
[SourceVersion "1"]
[SourceVersionDate "2015.10.08"]
[SourceQuality "1"]
[WhiteTeam "Nordre"]
[BlackTeam "Hillerod"]
[WhiteTeamCountry "DEN"]
[BlackTeamCountry "DEN"]

1. d4 d5 2. Nf3 Nf6 3. c4 c6 4. Nc3 e6 5. Qb3 Nbd7 6. g3 Bd6 7. Bg2 0-0 8. 0-0 dxc4 9. Qxc4 e5 10. Rd1 Qe7 11. Bg5 h6 12. Bxf6 Nxf6 13. dxe5 Bxe5 14. Nxe5 Qxe5 15. Rd2 Be6 16. Qb4 Qc7 17. Rad1 Rfe8 18. b3 Rab8 19. Qc5 a6 20. e4 Rbd8 21. Nd5 Bxd5 22. exd5 Nd7 23. Qc3 c5 24. d6 Qb6 25. Rd5 Re2 26. Qc4 Qb5 27. Qxb5 axb5 28. Bf1 Rxa2 29. Bxb5 b6 30. Re1 Ra7 31. Rd3 Ra5 32. Bc6 f6 33. f4 Kf8 34. Rde3 1-0

[Event "DEN-chT 1415 53rd"]
[Site "Denmark"]
[Date "2015.01.25"]
[Round "6.5"]
[White "Veng, Johny"]
[Black "Pedersen, Steffen"]
[Result "1/2-1/2"]
[WhiteElo "2281"]
[BlackElo "2417"]
[PlyCount "36"]
[EventDate "2014.10.25"]
[EventType "team-tourn"]
[EventRounds "9"]
[EventCountry "DEN"]
[SourceTitle "EXT 2016"]
[Source "ChessBase"]
[SourceDate "2015.10.08"]
[SourceVersion "1"]
[SourceVersionDate "2015.10.08"]
[SourceQuality "1"]
[WhiteTeam "Nordre"]
[BlackTeam "Skanderborg Nordea"]
[WhiteTeamCountry "DEN"]
[BlackTeamCountry "DEN"]

1. d4 d5 2. c4 e6 3. Nf3 Nf6 4. g3 dxc4 5. Bg2 c5 6. Qa4+ Bd7 7. Qxc4 Nc6 8. Nc3 cxd4 9. Nxd4 Rc8 10. 0-0 Nxd4 11. Qxd4 Bc5 12. Qf4 b5 13. Be3 0-0 14. Bxc5 Rxc5 15. Rfd1 Qc7 16. Qd6 Rc8 17. a3 Be8 18. Qa6 Rb8 1/2-1/2

[Event "Politiken Cup 36th"]
[Site "Helsingor"]
[Date "2014.07.28"]
[Round "9"]
[White "Veng, Johny"]
[Black "Hoi, Carsten"]
[Result "1/2-1/2"]
[WhiteElo "2244"]
[BlackElo "2401"]
[PlyCount "45"]
[EventDate "2014.07.21"]
[EventType "swiss"]
[EventRounds "10"]
[EventCountry "DEN"]
[SourceTitle "CBM 161 Extra"]
[Source "ChessBase"]
[SourceDate "2014.08.29"]
[SourceVersion "1"]
[SourceVersionDate "2014.08.29"]
[SourceQuality "1"]

1. c4 Nf6 2. Nf3 d6 3. d4 Bg4 4. Nc3 g6 5. g3 Bg7 6. Bg2 Qc8 7. h3 Bd7 8. e4 0-0 9. Be3 Nc6 10. Qd3 e5 11. d5 Nb4 12. Qd2 a5 13. g4 b6 14. 0-0 Na6 15. Ne1 h5 16. f3 Nc5 17. Nd3 Kh8 18. Nxc5 bxc5 19. a4 Nh7 20. Bh6 Bxh6 21. Qxh6 g5 22. h4 Qd8 23. Qxh5 1/2-1/2